000 00658nam a2200217Ii 4500
003 JO-AjNU
008 230605s9999||||xx |||||||||||||| ||und||
017 _a1997/3/388
040 _aJO-AjNU
_bara
_erda
_cJO-AjNU
041 _aara
050 1 4 _aPJ7824.A86.T33 1997
100 3 _aتأليف فايز، محمود,
_eauthor
_948682
245 0 0 _aثلاثة نقوش محجوبة (2)
250 _aط2
264 3 1 _aعمان:دا الكرمل،1997
300 _a91ص
336 _atext
_btxt
_2rdacontent
337 _aunmediated
_bn
_2rdamedia
338 _avolume
_bnc
_2rdacarrier
650 4 _aالأدب العربي - قصص - الأردن
_948683
999 _aA21336
_c24904
_d24904